Online Catalogue and eLibrary

Imaginary Maps (Record no. 3379)

MARC details
000 -LEADER
fixed length control field 00455nam a2200193Ia 4500
005 - DATE AND TIME OF LATEST TRANSACTION
control field 20241205010716.0
008 - FIXED-LENGTH DATA ELEMENTS--GENERAL INFORMATION
fixed length control field 240331s9999 xx 000 0 und d
020 ## - INTERNATIONAL STANDARD BOOK NUMBER
ISBN 041590463
082 ## - DDC Classification
Item Number - Author Mark DEV
Class No. 891
100 ## - MAIN ENTRY--PERSONAL NAME
Personal name Devi, Mahasweta
245 #0 - TITLE STATEMENT
Title Imaginary Maps
260 ## - PUBLICATION, DISTRIBUTION, ETC.
Place of publication, distribution, etc. New York
Name of publisher, distributor, etc. Routledge
Date of publication, distribution, etc. 1995
300 ## - PHYSICAL DESCRIPTION
Extent (e.g. Volumes, Pages etc.) XXXI, 213 p .,
650 ## - SUBJECT ADDED ENTRY--TOPICAL TERM
Topical term or geographic name entry element Short Stories
650 ## - SUBJECT ADDED ENTRY--TOPICAL TERM
Topical term or geographic name entry element History
650 ## - SUBJECT ADDED ENTRY--TOPICAL TERM
Topical term or geographic name entry element Criticism
650 ## - SUBJECT ADDED ENTRY--TOPICAL TERM
Topical term or geographic name entry element India Literature
942 ## - Koha item type (Biblio)
Koha item type Books in Stacks (Lending)
Holdings
Lost status Damaged status Collection code Home library Current library Shelving location Date acquired Full call number Accession Number Item type
    Lending WERC Library WERC Library Social Science Cupboard 03/31/2024 891.4 DEV 3936 Books in Stacks (Lending)

© WERC Library